[Event "PHI-ch (Women)"]
[Site "Malolos City"]
[Date "2024.03.21"]
[Round "7"]
[White "Doroy, Allaney Jia G"]
[Black "San Diego, Marie Antoinette"]
[Result "1-0"]
[WhiteElo "1920"]
[BlackElo "2060"]
[PlyCount "69"]
[EventDate "2024.03.17"]
[EventType "tourn"]
[EventRounds "11"]
[EventCountry "PHI"]
[SourceTitle "CB13_2024"]
[SourceDate "2024.03.27"]
[SourceVersion "1"]
[SourceVersionDate "2024.03.27"]
[SourceQuality "1"]

1. d4 d5 2. Nf3 Nf6 3. g3 e6 4. Bg2 Be7 5. 0-0 0-0 6. c4 c6 7. Nc3 Nbd7 8. b3 a5 9. cxd5 exd5 10. Ne5 Nxe5 11. dxe5 Ng4 12. Bb2 Be6 13. h3 Nxe5 14. Nxd5 Bxd5 15. Bxd5 Bf6 16. Be4 a4 17. Qc2 Ng6 18. Rfd1 Qe7 19. Bxf6 Qxf6 20. bxa4 Qg5 21. Rab1 f5 22. Bg2 Qe7 23. Rd4 f4 24. g4 Rf7 25. Rdb4 Ra7 26. Re4 Qg5 27. Re8+ Nf8 28. Rd1 Qa5 29. Be4 Qxa4 30. Bxh7+ Kh8 31. Rdd8 Qb4 32. Qg6 Rf6 33. Qh5 Qe1+ 34. Kg2 f3+ 35. exf3 1-0

[Event "PHI-ch (Women)"]
[Site "Malolos City"]
[Date "2024.03.20"]
[Round "5"]
[White "Doroy, Allaney Jia G"]
[Black "Mejia, Cherry Ann"]
[Result "1/2-1/2"]
[WhiteElo "1920"]
[BlackElo "1951"]
[PlyCount "144"]
[EventDate "2024.03.17"]
[EventType "tourn"]
[EventRounds "11"]
[EventCountry "PHI"]
[SourceTitle "CB13_2024"]
[SourceDate "2024.03.27"]
[SourceVersion "1"]
[SourceVersionDate "2024.03.27"]
[SourceQuality "1"]

1. Nf3 d5 2. g3 Nf6 3. Bg2 b5 4. 0-0 e6 5. d3 Bb7 6. c4 bxc4 7. dxc4 Nbd7 8. Nc3 Be7 9. cxd5 exd5 10. Bf4 0-0 11. Rc1 c5 12. Ne5 Nb6 13. a4 a5 14. Nb5 Qc8 15. Nd3 c4 16. b3 Bc6 17. Ne5 Bxb5 18. axb5 Qc5 19. bxc4 Nxc4 20. Nxc4 dxc4 21. Bxa8 Rxa8 22. Qa4 c3 23. b6 Qxb6 24. Rxc3 Nd5 25. Rb3 Qe6 26. Bd2 h6 27. Rc1 Qxe2 28. Qc6 Rd8 29. Bxa5 Rd6 30. Qc8+ Kh7 31. Qf5+ Rg6 32. Qxd5 Rg5 33. Qd2 Qg4 34. Bd8 Bxd8 35. Qxd8 Rh5 36. Qd3+ f5 37. Rc4 Qh3 38. Rh4 Rxh4 39. gxh4 Qg4+ 40. Kh1 h5 41. Rb5 g6 42. Rb7+ Kh6 43. Rf7 f4 44. Qd4 Qf3+ 45. Kg1 Qg4+ 46. Kf1 Qh3+ 47. Ke2 Qe6+ 48. Kf3 Qxf7 49. Qh8+ Qh7 50. Qxh7+ Kxh7 51. Kxf4 Kg7 52. Kg5 Kf7 53. Kh6 Kf6 54. Kh7 Kf7 55. h3 Kf6 56. Kg8 Ke6 57. Kg7 Kf5 58. Kf7 g5 59. hxg5 Kxg5 60. Ke6 Kh4 61. f4 Kxh3 62. f5 Kg2 63. f6 h4 64. f7 h3 65. f8Q h2 66. Qg7+ Kh1 67. Qd4 Kg2 68. Qe4+ Kg1 69. Qe1+ Kg2 70. Qe2+ Kg1 71. Qe3+ Kg2 72. Qg5+ Kh1 1/2-1/2

[Event "PHI-ch (Women)"]
[Site "Quezon City"]
[Date "2022.02.19"]
[Round "8"]
[White "Doroy, Allaney Jia G"]
[Black "Villa, Ma Elayza"]
[Result "1-0"]
[WhiteElo "1943"]
[BlackElo "1692"]
[PlyCount "75"]
[EventDate "2022.02.17"]
[EventType "tourn"]
[EventRounds "10"]
[EventCountry "PHI"]
[SourceTitle "EXT 2023"]
[Source "ChessBase"]
[SourceDate "2022.10.05"]
[SourceVersion "1"]
[SourceVersionDate "2022.10.05"]
[SourceQuality "1"]

1. d4 d5 2. Nf3 Nf6 3. c4 e6 4. Nc3 Be7 5. g3 0-0 6. Bg2 a6 7. 0-0 c5 8. cxd5 exd5 9. dxc5 Bxc5 10. Bg5 d4 11. Bxf6 Qxf6 12. Ne4 Qb6 13. Nxc5 Qxc5 14. Qxd4 Qxd4 15. Nxd4 Nd7 16. Rac1 Rb8 17. Rc7 Ne5 18. Rfc1 g6 19. f4 Nc6 20. Nxc6 bxc6 21. R1xc6 Bb7 22. Rc2 Bxg2 23. Kxg2 Rb5 24. Ra7 Rfb8 25. b3 R5b7 26. Rxa6 Rb6 27. Rxb6 Rxb6 28. Rb2 Kf8 29. a4 Ke7 30. Kf3 Kd7 31. Ke4 Rd6 32. Rc2 Rc6 33. Rxc6 Kxc6 34. Ke5 Kc5 35. Kf6 Kb4 36. Kxf7 Kc5 37. e4 Kd6 38. e5+ 1-0

[Event "PHI-ch (Women)"]
[Site "Quezon City"]
[Date "2022.02.19"]
[Round "7"]
[White "Sebastian, Mhage Gerriahlou"]
[Black "Doroy, Allaney Jia G"]
[Result "1-0"]
[WhiteElo "1853"]
[BlackElo "1943"]
[PlyCount "101"]
[EventDate "2022.02.17"]
[EventType "tourn"]
[EventRounds "10"]
[EventCountry "PHI"]
[SourceTitle "EXT 2023"]
[Source "ChessBase"]
[SourceDate "2022.10.05"]
[SourceVersion "1"]
[SourceVersionDate "2022.10.05"]
[SourceQuality "1"]

1. e4 g6 2. d4 Bg7 3. Nf3 d6 4. c4 c5 5. d5 b5 6. Nfd2 bxc4 7. Nxc4 Nf6 8. Nc3 0-0 9. Be2 Nbd7 10. 0-0 Nb6 11. Rb1 Nxc4 12. Bxc4 Rb8 13. Bd2 Nd7 14. f4 Nb6 15. Bd3 Qc7 16. Qf3 Bd7 17. g4 Na4 18. Nxa4 Bxa4 19. b3 Bb5 20. Rbc1 Bxd3 21. Qxd3 a5 22. Rc4 Ra8 23. Ra4 Rfb8 24. Rc1 Qd7 25. Qf3 Rb7 26. h4 f5 27. exf5 gxf5 28. g5 Rba7 29. h5 e5 30. dxe6 Qxe6 31. Re1 Qf7 32. h6 Bd4+ 33. Kf1 d5 34. Bc1 Rd7 35. Re2 Rd6 36. Bb2 Bxb2 37. Rxb2 Re6 38. Re2 Re4 39. Raxe4 fxe4 40. Qg4 Rf8 41. Rf2 e3 42. Rf3 d4 43. f5 a4 44. f6 axb3 45. axb3 Qg6 46. f7+ Kh8 47. Qg3 Qe4 48. Qf4 Qb1+ 49. Kg2 Qb2+ 50. Kg3 d3 51. Qd6 1-0

[Event "Eastern Asia-ch U20 Girls"]
[Site "Batangas"]
[Date "2019.12.11"]
[Round "2"]
[White "Mordido, Kylen Joy"]
[Black "Doroy, Allaney Jia G"]
[Result "0-1"]
[WhiteElo "2041"]
[BlackElo "1899"]
[PlyCount "98"]
[EventDate "2019.12.10"]
[EventType "swiss"]
[EventRounds "9"]
[EventCountry "PHI"]
[SourceTitle "CBM 193 Extra"]
[Source "ChessBase"]
[SourceDate "2020.01.31"]
[SourceVersion "1"]
[SourceVersionDate "2020.01.31"]
[SourceQuality "1"]

1. c4 g6 2. Nc3 Bg7 3. d4 c5 4. d5 d6 5. e4 Nf6 6. f3 0-0 7. Be3 Na6 8. Qd2 Re8 9. Nge2 e6 10. Ng3 exd5 11. cxd5 Rb8 12. Be2 Nc7 13. Bh6 Bh8 14. h4 b5 15. h5 c4 16. Bg5 Na6 17. Qf4 Nc5 18. Kf1 b4 19. Nd1 Nd3 20. Bxd3 cxd3 21. Ne3 Rb7 22. Rc1 Rc7 23. Kf2 Rxc1 24. Rxc1 h6 25. Bxh6 Nxh5 26. Nxh5 gxh5 27. Bg5 Qb6 28. Bf6 Bxf6 29. Qxf6 Bd7 30. Rc4 Re5 31. f4 d2 32. fxe5 d1Q 33. Qg5+ Kh7 34. Kg3 Qe1+ 35. Kf3 Bg4+ 36. Nxg4 hxg4+ 37. Kxg4 Qe2+ 38. Kh4 Qef2+ 39. Kh3 Qfe3+ 40. Qxe3 Qxe3+ 41. Kh2 Qf4+ 42. Kg1 Qxe5 43. Rxb4 Kg6 44. Rc4 Kh7 45. Rb4 Kg6 46. a3 Kg5 47. Kf2 a5 48. Rb5 Qd4+ 49. Ke1 Qe3+ 0-1

[Event "Eastern Asia-ch U16/18 Girls 4th"]
[Site "Bangkok"]
[Date "2019.08.02"]
[Round "1.2"]
[White "Vinuya, Ruth Joy"]
[Black "Doroy, Allaney Jia G"]
[Result "1-0"]
[WhiteElo "1756"]
[BlackElo "2039"]
[PlyCount "101"]
[EventDate "2019.08.02"]
[EventType "swiss"]
[EventRounds "9"]
[EventCountry "THA"]
[SourceTitle "EXT 2024"]
[Source "ChessBase"]
[SourceDate "2023.10.10"]
[SourceVersion "1"]
[SourceVersionDate "2023.10.10"]
[SourceQuality "1"]

1. d4 g6 2. c4 Bg7 3. Nc3 c5 4. d5 d6 5. e4 Nf6 6. Bg5 h6 7. Bh4 0-0 8. Be2 Na6 9. f4 Rb8 10. Nf3 Nc7 11. a4 a6 12. a5 b5 13. axb6 Rxb6 14. Qd2 Nh7 15. e5 Qe8 16. 0-0 Bg4 17. Rfe1 Rb4 18. Na4 Rb7 19. b4 Qd7 20. bxc5 dxc5 21. h3 Bxf3 22. Bxf3 Rfb8 23. Qe3 Rc8 24. d6 Ne6 25. Bxb7 Qxb7 26. Bxe7 Nd4 27. Rab1 Qd7 28. Qe4 Nf8 29. Bxf8 Bxf8 30. Nc3 Kg7 31. Rb7 Qe6 32. Nd5 a5 33. Ra7 Nc6 34. Nc7 Qd7 35. Ra6 Nb4 36. Rxa5 Be7 37. Rxc5 Bd8 38. Rb1 Bxc7 39. Rxc7 Rxc7 40. dxc7 Qxc7 41. Kh2 Nc6 42. c5 g5 43. Rb6 Ne7 44. fxg5 hxg5 45. Qe3 Ng6 46. Rd6 Qe7 47. e6 Kh6 48. Rd7 Qe8 49. Rxf7 Qb8+ 50. Qg3 Qe8 51. Qd6 1-0

[Event "Asian Continental op (Women) 17th"]
[Site "Makati"]
[Date "2018.12.15"]
[Round "6"]
[White "Doroy, Allaney Jia G"]
[Black "Gu, Tianlu"]
[Result "0-1"]
[WhiteElo "1972"]
[BlackElo "2231"]
[PlyCount "114"]
[EventDate "2018.12.10"]
[EventType "swiss"]
[EventRounds "9"]
[EventCountry "PHI"]
[SourceTitle "CBM 187 Extra"]
[Source "ChessBase"]
[SourceDate "2018.11.04"]
[SourceVersion "1"]
[SourceVersionDate "2018.11.04"]
[SourceQuality "1"]

1. c4 e5 2. g3 g6 3. Bg2 Bg7 4. Nc3 Ne7 5. e3 c5 6. Nge2 Nbc6 7. 0-0 0-0 8. d3 d6 9. Rb1 Rb8 10. a3 a5 11. Bd2 Be6 12. Nd5 b5 13. b3 b4 14. axb4 Bxd5 15. cxd5 Nxb4 16. Bxb4 Rxb4 17. Nc3 Qb8 18. Qc2 Qb7 19. Ne4 Qb6 20. Nd2 Rb8 21. e4 f5 22. Ra1 Qc7 23. Ra3 fxe4 24. dxe4 c4 25. bxc4 Bh6 26. Qd3 Rb2 27. Nb1 Qc5 28. Rc3 a4 29. h4 Kg7 30. Bh3 R8b7 31. Be6 Rb8 32. Bd7 a3 33. Nxa3 Rd2 34. Qf3 Ng8 35. Rb3 Rf8 36. Qg2 Nf6 37. Be6 Nxe4 38. Rf3 Nf6 39. g4 Bf4 40. g5 Ne4 41. Kh1 Ra2 42. Nb1 Qxc4 43. Ra3 Rxa3 44. Nxa3 Qd3 45. Re1 Nd2 46. Qh3 Nf3 47. Ra1 e4 48. Qf1 Nxh4 49. Qxd3 exd3 50. Nc4 Nf3 51. Rd1 d2 52. Kg2 Nxg5 53. Bg4 Ne4 54. Ne3 Bxe3 55. fxe3 Rf2+ 56. Kg1 h5 57. Bh3 Re2 0-1

[Event "Asian Continental op (Women) 17th"]
[Site "Makati"]
[Date "2018.12.14"]
[Round "5"]
[White "Citra, Dewi Ardhiani Anast"]
[Black "Doroy, Allaney Jia G"]
[Result "1/2-1/2"]
[WhiteElo "2215"]
[BlackElo "1972"]
[PlyCount "96"]
[EventDate "2018.12.10"]
[EventType "swiss"]
[EventRounds "9"]
[EventCountry "PHI"]
[SourceTitle "CBM 187 Extra"]
[Source "ChessBase"]
[SourceDate "2018.11.04"]
[SourceVersion "1"]
[SourceVersionDate "2018.11.04"]
[SourceQuality "1"]

1. b3 Nf6 2. Bb2 g6 3. e3 Bg7 4. Nf3 0-0 5. Be2 d5 6. c4 c5 7. cxd5 Qxd5 8. Nc3 Qd8 9. d4 Nc6 10. dxc5 Qa5 11. 0-0 Qxc5 12. Na4 Qa5 13. Bc3 Qc7 14. Qc1 Bf5 15. Qb2 Rac8 16. Rac1 Qb8 17. Nd4 Bg4 18. Nxc6 Rxc6 19. Be5 Qc8 20. Rxc6 bxc6 21. Bxg4 Qxg4 22. h3 Qb4 23. Rd1 c5 24. Qe2 h5 25. Bc3 Qa3 26. Qb2 Qxb2 27. Bxb2 Rc8 28. Rc1 Ne4 29. Bxg7 Kxg7 30. f3 Ng3 31. Kf2 h4 32. Nxc5 Rd8 33. Ke1 a5 34. Rc3 e5 35. a3 Kf6 36. Rc4 Nf5 37. Ne4+ Kg7 38. Ke2 Rb8 39. b4 axb4 40. axb4 Ra8 41. Rc2 Ra3 42. Rb2 Nxe3 43. b5 Nc4 44. Rc2 Ra4 45. Nc5 Rb4 46. Nd3 Ra4 47. Nb2 Ra2 48. Rxc4 Rxb2+ 1/2-1/2

[Event "Asian Continental op (Women) 17th"]
[Site "Makati"]
[Date "2018.12.10"]
[Round "1"]
[White "Munkhzul, Turmunkh"]
[Black "Doroy, Allaney Jia G"]
[Result "1-0"]
[WhiteElo "2255"]
[BlackElo "1972"]
[PlyCount "113"]
[EventDate "2018.12.10"]
[EventType "swiss"]
[EventRounds "9"]
[EventCountry "PHI"]
[SourceTitle "CBM 187 Extra"]
[Source "ChessBase"]
[SourceDate "2018.11.04"]
[SourceVersion "1"]
[SourceVersionDate "2018.11.04"]
[SourceQuality "1"]

1. e4 c5 2. Nf3 g6 3. d4 cxd4 4. Nxd4 Bg7 5. c4 Nc6 6. Be3 Nf6 7. Nc3 0-0 8. Be2 d6 9. 0-0 Bd7 10. Qd2 Rc8 11. f3 Re8 12. Rac1 Qa5 13. Nb3 Qd8 14. Nd5 Be6 15. Rfd1 b6 16. Nd4 Nxd4 17. Bxd4 Nd7 18. Be3 Nb8 19. b4 Bd7 20. Nc3 Be6 21. Nb5 Nc6 22. a3 Ne5 23. Nxa7 Nxc4 24. Bxc4 Rxc4 25. Qf2 Qc7 26. Rxc4 Qxc4 27. Qf1 Qa2 28. Qb5 Rf8 29. Nc6 Bf6 30. Qxb6 Qxa3 31. Bd4 Qb3 32. Rc1 Bxd4+ 33. Qxd4 Re8 34. Na5 Qa4 35. Qb6 Bd7 36. h3 Bb5 37. Qd4 Qa2 38. Kh2 Qe6 39. Nc6 Ra8 40. Na5 Rc8 41. Rxc8+ Qxc8 42. Qb6 Ba4 43. b5 Qc1 44. Qc6 Qg5 45. Qc8+ Kg7 46. Qc3+ f6 47. b6 Bb5 48. b7 Bf1 49. Qb2 Bxg2 50. Qxg2 Qb5 51. Qc2 h5 52. Kg2 h4 53. Kf2 g5 54. Qb3 Qc5+ 55. Ke2 Qxa5 56. b8Q Qa6+ 57. Kf2 1-0

[Event "Wch U20 Girls 36th"]
[Site "Manavgat"]
[Date "2018.09.10"]
[Round "6"]
[White "Doroy, Allaney Jia G"]
[Black "Caxita, Esperanca"]
[Result "1-0"]
[WhiteElo "1914"]
[BlackElo "1803"]
[PlyCount "83"]
[EventDate "2018.09.05"]
[EventType "swiss"]
[EventRounds "11"]
[EventCountry "TUR"]
[SourceTitle "CBM 186 Extra"]
[Source "ChessBase"]
[SourceDate "2018.08.24"]
[SourceVersion "1"]
[SourceVersionDate "2018.08.24"]
[SourceQuality "1"]

1. c4 e5 2. Nc3 Nf6 3. g3 d5 4. cxd5 Nxd5 5. Bg2 c6 6. Nxd5 cxd5 7. Qb3 e4 8. d3 f5 9. Nh3 Nc6 10. 0-0 Bc5 11. dxe4 dxe4 12. Bg5 Qb6 13. Qd5 Ne7 14. Qe5 Qd6 15. Qxg7 Bd4 16. Bxe7 Qd7 17. Qh6 Qxe7 18. Nf4 Bg7 19. Qh5+ Qf7 20. Qxf7+ Kxf7 21. Rac1 Rd8 22. b3 Be5 23. Rfd1 Bd7 24. e3 Bc6 25. Bf1 Ke7 26. Bc4 Rac8 27. Be6 Rxd1+ 28. Rxd1 Rf8 29. Bc4 Bxf4 30. exf4 Rf6 31. Kf1 Rh6 32. Kg1 Rf6 33. h3 Rh6 34. Kh2 Rd6 35. Rxd6 Kxd6 36. g4 h6 37. Kg3 Bd7 38. Kh4 Ke7 39. g5 b5 40. Bd5 hxg5+ 41. Kxg5 Kf8 42. Kf6 1-0

[Event "Wch U20 Girls 36th"]
[Site "Manavgat"]
[Date "2018.09.08"]
[Round "5"]
[White "Doroy, Allaney Jia G"]
[Black "Catal, Uktenur"]
[Result "1/2-1/2"]
[WhiteElo "1914"]
[BlackElo "1809"]
[PlyCount "52"]
[EventDate "2018.09.05"]
[EventType "swiss"]
[EventRounds "11"]
[EventCountry "TUR"]
[SourceTitle "CBM 186 Extra"]
[Source "ChessBase"]
[SourceDate "2018.08.24"]
[SourceVersion "1"]
[SourceVersionDate "2018.08.24"]
[SourceQuality "1"]

1. c4 e5 2. Nc3 Nf6 3. Nf3 Nc6 4. d4 exd4 5. Nxd4 Bb4 6. e3 Bxc3+ 7. bxc3 d6 8. Be2 0-0 9. 0-0 Re8 10. Rb1 Ne5 11. Qc2 c5 12. Nf3 Nc6 13. Bd3 Qe7 14. Re1 h6 15. e4 Ng4 16. Bf4 Nge5 17. Nd2 Be6 18. Be2 b6 19. Bg3 Na5 20. Qa4 Bd7 21. Qd1 Be6 22. Qa4 Bd7 23. Qd1 Be6 24. Qa4 Bd7 25. Qd1 Be6 26. Qa4 Bd7 1/2-1/2

[Event "Wch U20 Girls 36th"]
[Site "Manavgat"]
[Date "2018.09.05"]
[Round "1"]
[White "Hilario Huaranca, Aleyla Karen"]
[Black "Doroy, Allaney Jia G"]
[Result "1-0"]
[WhiteElo "2203"]
[BlackElo "1914"]
[PlyCount "68"]
[EventDate "2018.09.05"]
[EventType "swiss"]
[EventRounds "11"]
[EventCountry "TUR"]
[SourceTitle "CBM 186 Extra"]
[Source "ChessBase"]
[SourceDate "2018.08.24"]
[SourceVersion "1"]
[SourceVersionDate "2018.08.24"]
[SourceQuality "1"]

1. d4 Nf6 2. Nf3 g6 3. c4 Bg7 4. g3 0-0 5. Bg2 d6 6. 0-0 c5 7. Nc3 Nc6 8. h3 Bd7 9. Be3 cxd4 10. Nxd4 Rc8 11. b3 a6 12. Rc1 Nxd4 13. Bxd4 Bc6 14. e4 Bh6 15. Rc2 Nh5 16. Nd5 b5 17. c5 Bxd5 18. exd5 dxc5 19. Bxc5 Qd7 20. b4 Rfd8 21. Qe2 Nf6 22. Qxe7 Qf5 23. Bd4 Ne8 24. Rxc8 Qxc8 25. Bc5 Rd7 26. Qh4 Bg7 27. Re1 h5 28. Qf4 Qd8 29. d6 Nxd6 30. Bc6 g5 31. Qd2 Rc7 32. Re8+ Qxe8 33. Bxe8 Nxe8 34. Qd8 Bf8 1-0

[Event "Eastern Asia-ch U20 Girls"]
[Site "Tagaytay CIty"]
[Date "2017.06.01"]
[Round "6.5"]
[White "Tin, Ruiqi"]
[Black "Doroy, Allaney Jia G"]
[Result "1-0"]
[WhiteElo "1867"]
[BlackElo "2054"]
[PlyCount "131"]
[EventDate "2017.05.27"]
[EventType "swiss"]
[EventRounds "9"]
[EventCountry "PHI"]
[SourceTitle "EXT 2024"]
[Source "ChessBase"]
[SourceDate "2023.10.10"]
[SourceVersion "1"]
[SourceVersionDate "2023.10.10"]
[SourceQuality "1"]

1. e4 c5 2. Nf3 g6 3. c3 Bg7 4. d4 cxd4 5. cxd4 d5 6. exd5 Qxd5 7. Nc3 Qd8 8. Bc4 Nf6 9. h3 0-0 10. 0-0 Nbd7 11. Bf4 Nb6 12. Bb3 Bf5 13. Re1 Re8 14. Qe2 Nfd5 15. Nxd5 Nxd5 16. Be5 Bxe5 17. dxe5 Qa5 18. Nd4 Bc8 19. Rad1 e6 20. Nb5 Bd7 21. Nd6 Re7 22. Nxb7 Qb6 23. Nd6 Bc6 24. Qd2 Qb4 25. Qxb4 Nxb4 26. a3 Nd5 27. Rc1 Bb7 28. Nxb7 Rxb7 29. Bxd5 exd5 30. b4 a5 31. Rb1 Rab8 32. Red1 Rb5 33. Kf1 Kf8 34. Ke2 Ke7 35. Rd4 Ke6 36. f4 h6 37. Ke3 g5 38. g3 gxf4+ 39. gxf4 Rc8 40. a4 Rxb4 41. Rbxb4 axb4 42. Rxb4 Rc3+ 43. Kd4 Rxh3 44. Rb6+ Ke7 45. Kxd5 Rd3+ 46. Ke4 Ra3 47. Rxh6 Rxa4+ 48. Kf5 Ra7 49. Rb6 Rc7 50. Kg5 Rc1 51. Rb7+ Ke6 52. f5+ Kxe5 53. Re7+ Kd6 54. Kf6 Rf1 55. Rxf7 Re1 56. Rf8 Kd7 57. Kf7 Rf1 58. f6 Rf2 59. Ra8 Rf3 60. Ra7+ Kd8 61. Re7 Rf2 62. Re3 Rd2 63. Kf8 Kd7 64. f7 Rf2 65. Rd3+ Ke6 66. Ke8 1-0

[Event "Eastern Asia-ch U20 Girls"]
[Site "Tagaytay CIty"]
[Date "2017.05.31"]
[Round "5.4"]
[White "Doroy, Allaney Jia G"]
[Black "Sharfina, Juwita Ardelia"]
[Result "0-1"]
[WhiteElo "2054"]
[BlackElo "1850"]
[PlyCount "120"]
[EventDate "2017.05.27"]
[EventType "swiss"]
[EventRounds "9"]
[EventCountry "PHI"]
[SourceTitle "EXT 2024"]
[Source "ChessBase"]
[SourceDate "2023.10.10"]
[SourceVersion "1"]
[SourceVersionDate "2023.10.10"]
[SourceQuality "1"]

1. c4 c5 2. g3 g6 3. Bg2 Bg7 4. Nc3 Nc6 5. Nf3 e5 6. 0-0 Nge7 7. d3 0-0 8. Ne1 d6 9. Nc2 Be6 10. Rb1 a5 11. a3 d5 12. cxd5 Nxd5 13. Ne3 Nde7 14. Nc4 Rb8 15. Nb5 Nd4 16. Nxd4 cxd4 17. Bd2 a4 18. Bb4 b5 19. Na5 Re8 20. Nb7 Qb6 21. Bc5 Qa6 22. Nd6 Red8 23. Nxb5 Rd7 24. Nd6 Bb3 25. Qd2 Rxd6 26. Bxd6 Qxd6 27. Rbc1 Bf8 28. Qa5 Nd5 29. Rfe1 Bh6 30. Bxd5 Bxd5 31. Rc2 Bb3 32. Rc7 Bd2 33. Qa7 Qb6 34. Rc8+ Kg7 35. Qxb8 Qxb8 36. Rxb8 Bxe1 37. Rc8 Bd2 38. Rc5 Kf6 39. Kg2 Ke6 40. h4 h5 41. f3 g5 42. hxg5 Bxg5 43. f4 Bf6 44. fxe5 Bxe5 45. Kf2 f5 46. Ra5 f4 47. gxf4 Bxf4 48. Rc5 h4 49. Kf3 Bd2 50. Kg4 Kd6 51. Rb5 Bc1 52. Kxh4 Bxb2 53. Kg4 Bxa3 54. Kf3 Bb2 55. Ke4 Kc6 56. Rb8 Bd5+ 57. Ke5 a3 58. Rc8+ Kd7 59. Rc5 Bb3 60. Rb5 a2 0-1

[Event "Tagaytay City zt 3.3 (Women)"]
[Site "Tagaytay City"]
[Date "2017.03.01"]
[Round "5"]
[White "Nguyen, Thi Mai Hung"]
[Black "Doroy, Allaney Jia G"]
[Result "1-0"]
[WhiteElo "2347"]
[BlackElo "1915"]
[PlyCount "73"]
[EventDate "2017.02.25"]
[EventType "swiss"]
[EventRounds "9"]
[EventCountry "PHI"]
[SourceTitle "CBM 177 Extra"]
[Source "ChessBase"]
[SourceDate "2017.04.27"]
[SourceVersion "1"]
[SourceVersionDate "2017.04.27"]
[SourceQuality "1"]

1. d4 g6 2. e4 Bg7 3. c3 d5 4. Nd2 Nh6 5. Ngf3 0-0 6. exd5 Qxd5 7. Bc4 Qd8 8. 0-0 c5 9. dxc5 Qc7 10. Nb3 Nd7 11. Qd5 Nf6 12. Qe5 Qxe5 13. Nxe5 Nhg4 14. Nd3 Bf5 15. Nd4 Bxd3 16. Bxd3 Rac8 17. Re1 Nd5 18. Nb3 Ngf6 19. Bg5 e6 20. Rad1 h6 21. Bh4 Rfd8 22. Bc4 g5 23. Bg3 Bf8 24. Be5 Be7 25. h3 a6 26. Bxd5 Nxd5 27. Na5 Bxc5 28. Nxb7 Rd7 29. Nxc5 Rxc5 30. b3 f6 31. Bg3 Rxc3 32. Rxe6 a5 33. Ra6 Rc5 34. Rd6 Rxd6 35. Bxd6 Nc3 36. Bxc5 Nxd1 37. Bd4 1-0

[Event "Tagaytay City zt 3.3 (Women)"]
[Site "Tagaytay City"]
[Date "2017.02.28"]
[Round "4"]
[White "Doroy, Allaney Jia G"]
[Black "Mariano, Karen"]
[Result "1-0"]
[WhiteElo "1915"]
[BlackElo "1797"]
[PlyCount "65"]
[EventDate "2017.02.25"]
[EventType "swiss"]
[EventRounds "9"]
[EventCountry "PHI"]
[SourceTitle "CBM 177 Extra"]
[Source "ChessBase"]
[SourceDate "2017.04.27"]
[SourceVersion "1"]
[SourceVersionDate "2017.04.27"]
[SourceQuality "1"]

1. c4 c6 2. g3 g6 3. Bg2 Bg7 4. Nf3 Nf6 5. 0-0 0-0 6. d4 d5 7. Nc3 Nbd7 8. cxd5 cxd5 9. Bf4 h6 10. Rc1 b6 11. Nb5 g5 12. Bc7 Qe8 13. Ne5 Bb7 14. Qb3 Ne4 15. Bxe4 dxe4 16. Ng6 a6 17. Nxf8 Qxf8 18. Nc3 Bxd4 19. Rfd1 Qc8 20. Nd5 Bxd5 21. Qxd5 Bxb2 22. Rc2 Nf6 23. Qb3 Qh3 24. f3 g4 25. Rxb2 gxf3 26. exf3 h5 27. Qe3 Kh7 28. Be5 h4 29. Bxf6 exf6 30. Qxe4+ f5 31. Qxa8 hxg3 32. hxg3 Kg7 33. Rh2 1-0

[Event "Subic Bay Puregold op-B"]
[Site "Subic Bay"]
[Date "2016.12.14"]
[Round "2"]
[White "Mordido, Justine Diego"]
[Black "Doroy, Allaney Jia G"]
[Result "0-1"]
[WhiteElo "1635"]
[BlackElo "2023"]
[PlyCount "107"]
[EventDate "2016.12.13"]
[EventType "swiss"]
[EventRounds "9"]
[EventCountry "PHI"]
[SourceTitle "EXT 2018"]
[Source "ChessBase"]
[SourceDate "2017.10.13"]
[SourceVersion "1"]
[SourceVersionDate "2017.10.13"]
[SourceQuality "1"]

1. c4 g6 2. Nc3 Bg7 3. d4 c5 4. Nf3 cxd4 5. Nxd4 Nc6 6. e3 Nf6 7. Be2 0-0 8. 0-0 Nxd4 9. Qxd4 d6 10. Bf3 Be6 11. Qd3 Nd7 12. Bd5 Ne5 13. Qe2 Rc8 14. Bxe6 fxe6 15. Nb5 Nxc4 16. Nd4 Rf6 17. b3 Nb6 18. Bb2 e5 19. Nf3 Rf8 20. Rfd1 Qe8 21. Ng5 Qd7 22. Nf3 Qe6 23. Rac1 a6 24. h3 Nd7 25. Qd2 h6 26. Qa5 Qf7 27. Qd2 Nc5 28. Qc3 e4 29. Qxg7+ Qxg7 30. Bxg7 Kxg7 31. Nd4 Kf6 32. f3 exf3 33. gxf3 Ne6 34. Ne2 Rc5 35. Ng3 Kg7 36. Rxc5 Nxc5 37. Kg2 a5 38. Kf2 Rc8 39. Ke2 Na6 40. Rd2 Nb4 41. a3 Nc2 42. a4 Nb4 43. Rb2 d5 44. Kd2 Kf6 45. f4 e5 46. Ne2 exf4 47. exf4 Kf5 48. Ke3 g5 49. Nd4+ Kf6 50. Nb5 gxf4+ 51. Kd4 Rc1 52. Rf2 Rd1+ 53. Kc3 Rd3+ 54. Kb2 0-1

[Event "Subic Bay Puregold op-B"]
[Site "Subic Bay"]
[Date "2016.12.13"]
[Round "1"]
[White "Doroy, Allaney Jia G"]
[Black "Tolentino, Jerry"]
[Result "0-1"]
[WhiteElo "2023"]
[BlackElo "2005"]
[PlyCount "120"]
[EventDate "2016.12.13"]
[EventType "swiss"]
[EventRounds "9"]
[EventCountry "PHI"]
[SourceTitle "EXT 2018"]
[Source "ChessBase"]
[SourceDate "2017.10.13"]
[SourceVersion "1"]
[SourceVersionDate "2017.10.13"]
[SourceQuality "1"]

1. c4 Nf6 2. g3 g6 3. Bg2 c5 4. Nf3 Nc6 5. 0-0 Bg7 6. Nc3 0-0 7. d4 cxd4 8. Nxd4 Nxd4 9. Qxd4 d6 10. Qh4 Qc7 11. Nb5 Qa5 12. Bh6 Rb8 13. Bxg7 Kxg7 14. Qd4 a6 15. Nc3 Qc5 16. Qxc5 dxc5 17. Rfd1 Be6 18. Nd5 Bxd5 19. cxd5 b5 20. e4 Ng4 21. Rdc1 c4 22. f4 Rfd8 23. Bf3 Nf6 24. Rd1 Nd7 25. a4 Nc5 26. axb5 axb5 27. Ra7 Rd7 28. Rxd7 Nxd7 29. e5 Nc5 30. Kg2 h5 31. Be2 Rc8 32. d6 exd6 33. exd6 Na4 34. Rd2 Kf6 35. g4 hxg4 36. Bxg4 Rd8 37. d7 Ke7 38. f5 g5 39. f6+ Kxf6 40. Re2 Nc5 41. Rf2+ Ke7 42. Rf5 Kd6 43. Rxf7 Nxd7 44. Rf5 Ne5 45. Rxg5 Nxg4 46. Rxg4 Kc5 47. Rf4 b4 48. h4 Rd2+ 49. Kg3 Rxb2 50. h5 Ra2 51. h6 Ra8 52. Rf5+ Kb6 53. h7 b3 54. Rf6+ Kc5 55. Rf7 c3 56. Rc7+ Kb4 57. Rb7+ Kc4 58. Kf3 b2 59. Ke2 Re8+ 60. Kd1 Rd8+ 0-1

[Event "Asian Schools-ch 12th U17 Girls"]
[Site "Tehran"]
[Date "2016.07.13"]
[Round "5.2"]
[White "Doroy, Allaney Jia G"]
[Black "Potluri, Supreetha"]
[Result "1-0"]
[WhiteElo "1820"]
[BlackElo "1848"]
[PlyCount "83"]
[EventDate "2016.07.11"]
[EventType "swiss"]
[EventRounds "9"]
[EventCountry "IRI"]
[SourceTitle "EXT 2024"]
[Source "ChessBase"]
[SourceDate "2023.10.10"]
[SourceVersion "1"]
[SourceVersionDate "2023.10.10"]
[SourceQuality "1"]

1. c4 Nf6 2. g3 g6 3. Bg2 Bg7 4. Nf3 0-0 5. 0-0 d6 6. d4 c6 7. Nc3 Bf5 8. Nh4 Be6 9. b3 d5 10. c5 Qc8 11. Re1 Bh3 12. Bh1 Rd8 13. Bb2 Nbd7 14. Qc2 e5 15. dxe5 Nxe5 16. Nb5 Ne8 17. Nd4 Nc7 18. Rad1 Ne6 19. Nhf3 f6 20. Nxe6 Bxe6 21. Nd4 Bf7 22. e4 Qg4 23. f4 Nd7 24. b4 a6 25. Bf3 Qh3 26. Qe2 dxe4 27. Bg4 Qh6 28. Ne6 f5 29. Bxg7 Qxg7 30. Nxg7 Kxg7 31. Bh3 Nf6 32. Rd6 Rxd6 33. cxd6 Rd8 34. g4 fxg4 35. Bxg4 Rxd6 36. Rd1 Bd5 37. Bc8 Bc4 38. Qc2 Bd3 39. Qc5 Ne8 40. Bxb7 Kf7 41. Bxc6 Rd8 42. Bxe4 1-0